| 000 | 01318nam0a2200325 4500 | ||
|---|---|---|---|
| 001 | RU\NLR\bibl\1859485 | ||
| 005 | 20250616182256.0 | ||
| 010 |
_a978-5-9765-1184-2 _bФлинта |
||
| 010 |
_a978-5-9770-0656-9 _91000 _bМПСИ |
||
| 021 |
_aRU _b2011-103276 _97386 |
||
| 035 | _a(NLR Aleph) 001849392 | ||
| 090 |
_a2380818 _c2380818 |
||
| 100 | _a20120123d2012 |||y0rusy50 ca | ||
| 101 | 0 | _arus | |
| 102 | _aRU | ||
| 105 | _ay ||||||||| | ||
| 200 | 1 |
_aЭкономика гостиничного бизнеса _eучебное пособие _fД.Г. Брашнов _gРос. акад. образования, НОУ ВПО "Моск. психол.-соц. ин-т" |
|
| 210 |
_aМосква _cФлинта _cНОУ ВПО "МПСИ" _d2012 |
||
| 215 |
_a221 с. _d21 |
||
| 320 | _aБиблиогр.: с. 209-210 (21 назв.) | ||
| 606 | 1 |
_aГостиничное хозяйство _jУчебные издания для высших учебных заведений _xЭкономика _92280164 _3RU\NLR\auth\661366165 |
|
| 686 | _aУ44(2)135.7я73 | ||
| 700 | 1 |
_aБрашнов _bД. Г. _gДмитрий Геннадьевич _4070 |
|
| 801 | 0 |
_aRU _bNLR _c20120123 _gRCR |
|
| 801 | 1 |
_aRU _bNLR _c20120123 |
|
| 830 | _aавт. по кн. | ||
| 942 | _cBOOK | ||
| 980 | _aNB | ||
| 980 | _aNBR | ||